The Bride of Black Douglas (Record no. 37442)
[ view plain ]
| 000 -LEADER | |
|---|---|
| fixed length control field | 00446nam a2200181Ia 4500 |
| 008 - FIXED-LENGTH DATA ELEMENTS--GENERAL INFORMATION | |
| fixed length control field | 090122s9999 xx 000 0 und d |
| 082 ## - DEWEY DECIMAL CLASSIFICATION NUMBER | |
| Item number | 13365 |
| Classification number | 823 |
| 100 ## - MAIN ENTRY--PERSONAL NAME | |
| Personal name | Coffman |
| Numeration | Elaine |
| 245 ## - TITLE STATEMENT | |
| Title | The Bride of Black Douglas |
| 260 ## - PUBLICATION, DISTRIBUTION, ETC. (IMPRINT) | |
| Name of publisher, distributor, etc | Mira |
| Date of publication, distribution, etc | 2000 |
| 300 ## - PHYSICAL DESCRIPTION | |
| Extent | 440 |
| 501 ## - WITH NOTE | |
| With note | Rohit Book Centre |
| 600 ## - SUBJECT ADDED ENTRY--PERSONAL NAME | |
| Personal name | Coffman |
| 630 ## - SUBJECT ADDED ENTRY--UNIFORM TITLE | |
| Uniform title | The Bride of Black Douglas |
| 700 ## - ADDED ENTRY--PERSONAL NAME | |
| Personal name | Coffman |
| 730 ## - ADDED ENTRY--UNIFORM TITLE | |
| Uniform title | The Bride of Black Douglas |
| 942 ## - ADDED ENTRY ELEMENTS (KOHA) | |
| Koha item type | Book |
| Withdrawn status | Lost status | Damaged status | Not for loan | Home library | Current library | Date acquired | Source of acquisition | Cost, normal purchase price | Total Checkouts | Full call number | Barcode | Date last seen | Copy number | Cost, replacement price | Price effective from | Koha item type |
|---|---|---|---|---|---|---|---|---|---|---|---|---|---|---|---|---|
| Dombivali Granthasangrahalaya, Dombivali | Dombivali Granthasangrahalaya, Dombivali | 08/08/2023 | Rohit Book Centre | 100.00 | 13365 | DOM-13365 | 01/22/2009 | 1 | 100.00 | 01/22/2009 | Book |